000 00931nam a22002537a 4500
005 20090603121027.0
008 090603t xxu||||| |||| 00| 0 eng d
010 _aENG-93847
020 _a9788131305270
_c595.00
035 _aEN-77380
037 _bDBAD / PUB
040 _adpl
_bEnglish
082 _a647.94068
100 _aSingh, U.K.
_qUttam Kumar Singh
245 _aHotel management /
_cby U.K. Singh [and] J.M. Dewan
260 _aNew Delhi
_bAPH Publishing Corporation
_c2009
270 _a4435-36/7, Ansari Road, Daryaganj,
_bNew Delhi
_e110002
300 _avi, 229p.
_c22cm(Hb)
500 _aIncludes index
650 _aHotel management
700 _aDewan, J.M.
942 _2ddc
_cEN
_mSIN
_h647.94068
999 _c27180
_d27180